000150208 001__ 150208
000150208 005__ 20251017144646.0
000150208 0248_ $$2sideral$$a142456
000150208 037__ $$aART-2008-142456
000150208 041__ $$aspa
000150208 100__ $$0(orcid)0000-0003-3459-5965$$aPallarés Jiménez, Miguel Ángel
000150208 245__ $$aVeinticindo documentos medievales aragoneses de desamor
000150208 260__ $$c2008
000150208 5060_ $$aAccess copy available to the general public$$fUnrestricted
000150208 5203_ $$aSe ofrecen en este trabajo dos docenas de documentos, procedentes del Archivo Histórico de Protocolos de Zaragoza, en el que el desamor es inicio o fin de cada acto jurídico; separaciones conyugales, raptos, agresiones o adulterios tuvieron cabida en los papeles de los notarios aragoneses del siglo XV, y han quedado como testimonio de una sociedad viva en la que las relaciones personales tomaban a veces caminos atormentados. En el estudio preliminar se remarcan los puntos más interesantes de los instrumentos diplomáticos inéditos brindados
000150208 540__ $$9info:eu-repo/semantics/openAccess$$aby-nc-nd$$uhttps://creativecommons.org/licenses/by-nc-nd/4.0/deed.es
000150208 655_4 $$ainfo:eu-repo/semantics/article$$vinfo:eu-repo/semantics/publishedVersion
000150208 773__ $$g20 (2008), 579-600$$pAragón Edad Media$$tAragón en la Edad Media$$x0213-2486
000150208 8564_ $$s163121$$uhttps://zaguan.unizar.es/record/150208/files/texto_completo.pdf$$yVersión publicada
000150208 8564_ $$s968777$$uhttps://zaguan.unizar.es/record/150208/files/texto_completo.jpg?subformat=icon$$xicon$$yVersión publicada
000150208 909CO $$ooai:zaguan.unizar.es:150208$$particulos$$pdriver
000150208 951__ $$a2025-10-17-14:34:03
000150208 980__ $$aARTICLE